| 000 | 00797nam a22002177a 4500 | ||
|---|---|---|---|
| 999 |
_c162086 _d162086 |
||
| 005 | 20190424125125.0 | ||
| 010 | _a1819CHEN B-718230-250 | ||
| 020 |
_a9789383331871 _c299.00 |
||
| 035 | _aB-718230-250 | ||
| 037 | _bPansy Books | ||
| 082 | _aS | ||
| 100 | _aLavanya Karthik | ||
| 245 |
_aNeel on wheels / _cby Lavanya Karthik ; illustrated by Habib Ali |
||
| 260 |
_aChennai _bDuckbill Books _c2018 |
||
| 270 |
_aF2 Oyster Operaa, 35/36 Gangai Street Kalakshetra Colony, Besant Nagar _bChennai _e600090 |
||
| 300 |
_aunpaged _c22*24cm(pbk) _bcol. ill. |
||
| 500 | _aAirport | ||
| 700 | _aHabib Ali | ||
| 942 |
_2ddc _cCH _mLAV _hS |
||